000 00418nam a2200181Ia 4500
001 10795
005 20260306161858.0
008 260306t2006||||xx |||||||||||||| ||spa||
041 _aESP
082 _a956
_bA66 2006
100 _aAranda Bustamante, Gilberto
_eAUT
245 0 _aOriente medio
260 _c2006
300 _a248 páginas :
_ccm.
650 _aGEN
654 _aCHU
942 _cLIB
_dJUS
_fJUS
_2ddc
_n
999 _c10795
_d10795